Ludovico Einaudi - In a Time Lapse - Statistics

General Stats
  • This quiz has been taken 7 times
  • The average score is 3 of 14
Answer Stats
Track # Song % Correct
12 Experience
100%
6 Run
33%
13 Underwood
33%
14 Burning
17%
1 Corale
17%
5 Discovery at Night
17%
3 Life
17%
10 Newton’s Cradle
17%
8 Orbits
17%
2 Time Lapse
17%
9 Two Trees
17%
4 Walk
17%
11 Waterways
17%
7 Brothers
0%
No matching quizzes found
Score Distribution
Percent of People with Each Score
Percentile by Number Answered
Your Score History
You have not taken this quiz